|
|
|
|
| LEADER |
00000nas a2200000 4500 |
| 001 |
ssj0012623 |
| 003 |
WaSeSS |
| 005 |
20200512172242.0 |
| 006 |
m d |
| 007 |
cr n |
| 008 |
751101d19482011idumr p s 0 a0eng |
| 010 |
|
|
|a 52032607
|z sn 78000898
|
| 016 |
7 |
|
|a L11040000
|2 DNLM
|
| 019 |
|
|
|a 3096262
|a 719731203
|a 824509524
|a 972013864
|
| 022 |
|
|
|l 0024-435X
|y 0024-435X
|
| 032 |
|
|
|a 314880
|b USPS
|
| 035 |
|
|
|a (WaSeSS)ssj0012623
|
| 037 |
|
|
|b Pacific Press Pub. Association, 1350 North Kings Road, Nampa, ID 83653
|
| 040 |
|
|
|a DLC
|b eng
|c MUL
|d HUL
|d NSD
|d IUL
|d NSD
|d DLC
|d RCS
|d NSD
|d OCL
|d NST
|d OCLCQ
|d DLC
|d JED
|d OCLCQ
|d OCLCF
|d DLC
|d GILDS
|d OCLCQ
|d MT4IT
|d OCLCO
|d WaSeSS
|
| 042 |
|
|
|a nsdp
|a pcc
|
| 043 |
|
|
|a n-us---
|
| 050 |
0 |
0 |
|a HV5285
|b .L65
|
| 082 |
0 |
|
|a 178.05
|
| 210 |
0 |
|
|a Listen
|b (Mountain View, Calif.)
|
| 222 |
|
0 |
|a Listen
|b (Mountain View, Calif.)
|
| 245 |
0 |
0 |
|a Listen
|h [electronic resource].
|
| 260 |
|
|
|a [Nampa, ID, etc.]
|b [Pacific Press Pub. Association]
|
| 310 |
|
|
|a Monthly,
|b <Oct. 1981->
|
| 321 |
|
|
|a Quarterly,
|b 1948-
|
| 362 |
0 |
|
|a v. 1- July/Sept. 1948-
|
| 500 |
|
|
|a "A journal of better living."
|
| 500 |
|
|
|a Ceased publication in May 2011.
|
| 506 |
|
|
|a License restrictions may limit access.
|
| 550 |
|
|
|a "Voice of the American Temperance Society," 1948-54; endorsed and utilized by Narcotics Education, Inc., 1955-<81>.
|
| 600 |
0 |
5 |
|a "Temperance"
|z United States
|v Periodicals.
|
| 650 |
|
0 |
|a Temperance
|z United States
|v Periodicals.
|
| 650 |
|
0 |
|a Drug abuse
|z United States
|v Periodicals.
|
| 650 |
|
0 |
|a Tobacco use
|z United States
|v Periodicals.
|
| 650 |
|
7 |
|a Drug abuse.
|2 fast
|0 (OCoLC)fst00898480
|
| 650 |
|
7 |
|a Temperance.
|2 fast
|0 (OCoLC)fst01147309
|
| 650 |
|
7 |
|a Tobacco use.
|2 fast
|0 (OCoLC)fst01431613
|
| 651 |
|
7 |
|a United States.
|2 fast
|0 (OCoLC)fst01204155
|
| 655 |
|
0 |
|a Electronic journals.
|
| 710 |
2 |
|
|a American Temperance Society.
|
| 710 |
2 |
|
|a Narcotics Education, inc.
|
| 850 |
|
|
|a DLC
|a MsSM
|a OCU
|
| 856 |
4 |
0 |
|z Full text available from Research Library: 07/01/1998 to 04/30/2011
|u https://search.proquest.com/publication/5941
|